| 000 | 00957cam a2200229 4500 | ||
|---|---|---|---|
| 001 | WB4024-17 | ||
| 008 | 040622n2004 000 0 eng u | ||
| 035 | _a(Sirsi) u126553 | ||
| 245 | _aOrganic food and farming | ||
| 260 | _c2004 | ||
| 490 |
_aRICS News Service _v 21 June 2004 (1) |
||
| 520 | _aNew initiatives setting out the European Community's policy for organic farming have been published in the EU's "European action plan for organic food and farming". The aim is to develop the market for organic food and improve standards by increasing their efficacy, transparency and consumer confidence. http://www.rics.org/ricscms/bin/show?class=News&te mplate=/includes/shownews.html&id=9277 | ||
| 590 | _aWB | ||
| 590 | _aWB | ||
| 650 | _aEUROPEAN UNION | ||
| 650 | _aORGANIC FOOD | ||
| 650 | _aORGANIC FARMING | ||
| 650 | _aAGRICULTURE COUNCIL | ||
| 650 | _aCONSUMER CONFIDENCE | ||
| 690 | _aRURAL-AGRICULTURE AND FORESTRY | ||
| 942 | _n0 | ||
| 999 |
_c117569 _d117569 |
||